Szczegóły MARC21

Kleists Werke in zwei Bänden. Bd. 2 /

003 -Nazwa inst., której nr kontr. jest w polu 001 [,]
    • @
    • Nazwa instytucji, której n kontrolny jest w polu 001
    • NUKAT
005 -DATA I CZAS OSTATNIEJ MODYFIKACJI [,]
    • @
    • pole kontrolne
    • 20241231113948.0
040 -Instytucja sporządzająca opis [ , ]
    • a
    • Instytucja, która sporządziła opis (NP)
    • KAT U/46MM
    • c
    • Instytucja, która sporządziła rekord (NP)
    • KAT U/46MMs
    • d
    • Instytucja, która zmodyfikowała rekord (P)
    • KAT U/46MM
942 -Rodzaj dokumentu [ , ]
    • c
    • Rodzaj dokumentu
    • Książka
100 -Hasło główne - nazwa osobowa [1, ]
    • a
    • Nazwa osobowa (NP)
    • Kleist, Heinrich von
    • d
    • Daty biograficzne (NP)
    • (1777-1811).
    • 9
    • KHW
    • 47745
245 -Strefa tytułu i oznaczenia odpowiedzialności [1,0]
    • a
    • Tytuł
    • Kleists Werke in zwei Bänden. Find
    • n
    • Oznaczenie części (P)
    • Bd. 2 /
    • c
    • Pozostałe elementy strefy tytułu i oznaczenia odpowiedzialności (NP)
    • Heinrich von Kleist ; [ausgew. und eingel. von Helmut Brandt].
250 -Strefa wydania [ , ]
    • a
    • Oznaczenie wydania (NP)
    • 9. Aufl.
260 -Strefa adresu wydawniczego [ , ]
    • a
    • Miejsce wydania (P)
    • Berlin ;
    • a
    • Miejsce wydania (P)
    • Weimar :
    • b
    • Nazwa wydawcy (P)
    • Aufbau-Verlag,
    • c
    • Data wydania (P)
    • 1985.
300 -Strefa opisu fizycznego [ , ]
    • a
    • Określenie formy książki i/lub objętość (NP)
    • 428, [2] s. ;
    • c
    • Format (NP)
    • 19 cm.
336 -Typ zawartości [ , ]
    • a
    • Termin opisujący typ zawartości
    • Tekst
    • b
    • Kod określający zawartość
    • txt
    • 2
    • Źródło (terminu i kodu)
    • rdacontent
337 -Typ mediów [ , ]
    • a
    • Tryb odtwarzania
    • Bez urządzenia pośredniczącego
    • b
    • Kod typu mediów
    • n
    • 2
    • Źródło (terminu i kodu)
    • rdamedia
338 -Typ/rodzaj nośnika [ , ]
    • a
    • Hasło opisujące typ nośnika
    • Wolumin
    • b
    • Kod typu nośnika
    • nc
    • 2
    • Źródło (terminu i kodu)
    • rdacarrier
490 -Strefa serii i książki wielotomowej - forma nie do wyszukiwania [1, ]
    • a
    • Tytuł (P)
    • Bibliothek Deutscher Klassiker Find
830 -Hasło dodatkowe serii i opisu książki wielotomowej - tytuł ujednolicony/tytuł [ ,0]
    • a
    • Tytuł ujednolicony/tytuł (NP)
    • BDK Bibliothek Deutscher Klassiker
    • 9
    • KHW
    • 60766
505 -Uwaga dot. zawartości książki [0, ]
    • a
    • Uwaga dot. zawartości książki
    • Robert Guiskard ; Der zerbrochene Krug ; Amphitryon ; Penthesilea ; Prinz Friedrich von Homburg.
080 -Uniwersalna Klasyfikacja Dziesiętna [ , ]
    • a
    • Symbol klasyfikacji
    • 830-1/-9(081)=30
655 -Hasło w funkcji tematu formalnego [ ,7]
    • a
    • Hasło
    • Dramat niemiecki
    • y
    • Określnik chronologiczny
    • 19 w.
    • 2
    • Źródło terminu
    • kaba
    • 9
    • KHW
    • 373450
700 -Hasło dodatkowe - nazwa osobowa [1,2]
    • a
    • Nazwa osobowa (NP)
    • Kleist, Heinrich von Find
    • d
    • Daty biograficzne (NP)
    • (1777-1811).
    • t
    • Tytuł ujednolicony/tytuł (NP)
    • Robert Guiskard Find
    • l
    • Język tekstu (NP)
    • (niem.)
    • 9
    • KHW
    • 461375
700 -Hasło dodatkowe - nazwa osobowa [1,2]
    • a
    • Nazwa osobowa (NP)
    • Kleist, Heinrich von Find
    • d
    • Daty biograficzne (NP)
    • (1777-1811).
    • t
    • Tytuł ujednolicony/tytuł (NP)
    • Zerbrochene Krug Find
    • l
    • Język tekstu (NP)
    • (niem.)
    • 9
    • KHW
    • 461372
700 -Hasło dodatkowe - nazwa osobowa [1,2]
    • a
    • Nazwa osobowa (NP)
    • Kleist, Heinrich von Find
    • d
    • Daty biograficzne (NP)
    • (1777-1811).
    • t
    • Tytuł ujednolicony/tytuł (NP)
    • Amphitryon Find
    • l
    • Język tekstu (NP)
    • (niem.)
    • 9
    • KHW
    • 461373
700 -Hasło dodatkowe - nazwa osobowa [1,2]
    • a
    • Nazwa osobowa (NP)
    • Kleist, Heinrich von Find
    • d
    • Daty biograficzne (NP)
    • (1777-1811).
    • t
    • Tytuł ujednolicony/tytuł (NP)
    • Penthesilea Find
    • l
    • Język tekstu (NP)
    • (niem.)
    • 9
    • KHW
    • 461374
700 -Hasło dodatkowe - nazwa osobowa [1,2]
    • a
    • Nazwa osobowa (NP)
    • Kleist, Heinrich von Find
    • d
    • Daty biograficzne (NP)
    • (1777-1811).
    • t
    • Tytuł ujednolicony/tytuł (NP)
    • Prinz Friedrich von Homburg Find
    • l
    • Język tekstu (NP)
    • (niem.)
    • 9
    • KHW
    • 461376
700 -Hasło dodatkowe - nazwa osobowa [1, ]
    • a
    • Nazwa osobowa (NP)
    • Brandt, Helmut. Find
    • e
    • Określenie rodzaju współpracy
    • Wybór
    • 9
    • KHW
    • 461328
Lokalizacja Data inwentaryzacji Status udost. Numer inwentarzowy Sygnatura
BG2002-07-12-3W.133674W.133673
BM2002-07-12-3G.276Germ. Dramat niemiecki